[Event "BRA Amateur-ch U1400"]
[Site "Sao Paulo"]
[Date "2022.11.05"]
[Round "6"]
[White "Silva, Allan de Souza"]
[Black "Kawauche, Thomaz Massadi"]
[Result "1/2-1/2"]
[WhiteElo "1800"]
[BlackElo "1800"]
[PlyCount "154"]
[EventDate "2022.11.03"]
[EventType "swiss"]
[EventRounds "7"]
[EventCountry "BRA"]
[SourceTitle "CBM 211 Extra"]
[Source "ChessBase"]
[SourceDate "2023.01.31"]
[SourceVersion "1"]
[SourceVersionDate "2023.01.31"]
[SourceQuality "1"]

1. e4 c5 2. Nf3 e6 3. d4 cxd4 4. Nxd4 a6 5. Nc3 Qc7 6. Be3 Nf6 7. f3 Bb4 8. Bd2 Nc6 9. Nxc6 bxc6 10. a3 Be7 11. Bc4 d5 12. exd5 cxd5 13. Bd3 0-0 14. Qc1 Bb7 15. Ne2 e5 16. Ng3 Rfe8 17. Nf5 Bf8 18. 0-0 e4 19. Be2 Qe5 20. Ng3 e3 21. Bb4 a5 22. Bxf8 Kxf8 23. c3 Rac8 24. Qb1 g6 25. Re1 h5 26. Nf1 Qd6 27. Qd3 Re6 28. b4 Qc7 29. Rac1 axb4 30. axb4 Qb6 31. Kh1 Rd8 32. Qd4 Qxd4 33. cxd4 Ne8 34. Rc3 f5 35. Nxe3 f4 36. Nc2 Nd6 37. Bd3 Rde8 38. Rxe6 Rxe6 39. h3 g5 40. Rc7 Ke8 41. Rh7 h4 42. Rg7 Ne4 43. fxe4 dxe4 44. Be2 Bd5 45. Rxg5 Bb3 46. Ne1 f3 47. gxf3 exf3 48. Bb5+ Kd8 49. Nxf3 Bd1 50. Nxh4 Rh6 51. Rg8+ Kc7 52. Rg7+ Kd8 53. Ng2 Rxh3+ 54. Kg1 Rb3 55. Rd7+ Kc8 56. Rg7 Rxb4 57. Bd7+ Kd8 58. Nf4 Bb3 59. Ne2 Bc4 60. Bg4 Bxe2 61. Bxe2 Rxd4 62. Kf2 Ke8 63. Ke3 Kf8 64. Ra7 Rb4 65. Bd3 Rh4 66. Be4 Rh3+ 67. Kf4 Rh4+ 68. Ke5 Rh5+ 69. Bf5 Ke8 70. Kf6 Rh6+ 71. Bg6+ Kd8 72. Kg5 Rh2 73. Bf5 Rg2+ 74. Kf6 Rf2 75. Rd7+ Ke8 76. Rd4 Rf1 77. Rd7 Rxf5+ 1/2-1/2

[Event "BRA Amateur-ch U1400"]
[Site "Sao Paulo"]
[Date "2022.11.04"]
[Round "4"]
[White "Kawauche, Thomaz Massadi"]
[Black "Zamlutti Junior, Rene"]
[Result "1-0"]
[WhiteElo "1800"]
[BlackElo "1776"]
[PlyCount "59"]
[EventDate "2022.11.03"]
[EventType "swiss"]
[EventRounds "7"]
[EventCountry "BRA"]
[SourceTitle "CBM 211 Extra"]
[Source "ChessBase"]
[SourceDate "2023.01.31"]
[SourceVersion "1"]
[SourceVersionDate "2023.01.31"]
[SourceQuality "1"]

1. e4 c5 2. Nf3 d6 3. d4 cxd4 4. Nxd4 Nf6 5. Nc3 a6 6. Bg5 e6 7. f4 Be7 8. Qf3 Qc7 9. 0-0-0 Nbd7 10. g4 b5 11. Bd3 Bb7 12. Rhe1 Nc5 13. a3 Qa5 14. h3 b4 15. axb4 Nxd3+ 16. Qxd3 Qxb4 17. e5 Nd5 18. Nxd5 Bxd5 19. Bxe7 Kxe7 20. exd6+ Kxd6 21. c3 Qa4 22. Nf5+ Kc7 23. Ne3 Qxf4 24. Rf1 Qh6 25. Rxf7+ Kb6 26. Qd4+ Kc6 27. Qa4+ Kb6 28. Qb4+ Kc6 29. Qb7+ Kd6 30. Qc7# 1-0

[Event "BRA Amateur-ch U1400"]
[Site "Sao Paulo"]
[Date "2022.11.03"]
[Round "2"]
[White "Kawauche, Thomaz Massadi"]
[Black "Nascimento, Bianca Alencar de S"]
[Result "0-1"]
[WhiteElo "1800"]
[BlackElo "1380"]
[PlyCount "96"]
[EventDate "2022.11.03"]
[EventType "swiss"]
[EventRounds "7"]
[EventCountry "BRA"]
[SourceTitle "CBM 211 Extra"]
[Source "ChessBase"]
[SourceDate "2023.01.31"]
[SourceVersion "1"]
[SourceVersionDate "2023.01.31"]
[SourceQuality "1"]

1. e4 c5 2. Nf3 Nc6 3. d4 cxd4 4. Nxd4 Nf6 5. Nc3 d6 6. Bg5 e6 7. Qd2 h6 8. Bh4 Nxe4 9. Bxd8 Nxd2 10. Bb5 Kxd8 11. Nxc6+ bxc6 12. Bxc6 Rb8 13. Kxd2 Rxb2 14. Na4 Rb4 15. c3 Rg4 16. h3 Rg5 17. f4 Ra5 18. Nb2 d5 19. Nd3 Bd6 20. Ne5 Bxe5 21. fxe5 Kc7 22. Rhf1 f5 23. exf6 gxf6 24. Rxf6 Kxc6 25. a4 h5 26. Kd3 Rg8 27. Rh6 Rg5 28. h4 Ba6+ 29. Ke3 Rxg2 30. Rxe6+ Kc5 31. Kf3 Rg4 32. Re5 Rxh4 33. Rd1 Bc4 34. Kg3 Re4 35. Rxh5 Re3+ 36. Kf4 Rxc3 37. Rh8 Rxa4 38. Rc8+ Kd6 39. Kg5 Ra2 40. Rg1 a5 41. Ra8 a4 42. Rd8+ Kc7 43. Rf8 a3 44. Rf7+ Kc6 45. Rf6+ Kc5 46. Rf8 Rb2 47. Rc8+ Kd6 48. Rd8+ Kc7 0-1